| 000 | 00853nam a2200289Ia 4500 | ||
|---|---|---|---|
| 008 | 180523s9999 xx 000 0 und d | ||
| 020 | _a81-7649-473-9 | ||
| 050 | _aMAIN HD 38.5 | ||
| 050 | _b.P65 2004 c.2 | ||
| 100 | _aPoirier, Charles C. | ||
| 245 | 0 | _aAdvanced supply chain management : | |
| 245 | 0 | _bhow to build a sustained competitive advantage / | |
| 245 | 0 | _cCharles C. Poirier. | |
| 260 | _aNew Delhi : | ||
| 260 | _bViva Books Private Ltd., | ||
| 260 | _c2004 | ||
| 300 | _a220 pages : | ||
| 300 | _c22 cm. | ||
| 500 | _aIncludes bibliographical references. | ||
| 650 | _aBusiness logistics. | ||
| 650 | _aIndustrial procurement. | ||
| 650 | _aInventory control. | ||
| 650 | _aMarketing channels. | ||
| 650 | _xMaterials management. | ||
| 650 | _xPhysical distribution of goods. | ||
| 650 | _xProduction management. | ||
| 999 |
_c356882 _d356882 |
||